000 00469nam a2200157 4500
001 137900
003 ES-MaACL
005 20230906195450.0
007 t|
008 070214s1964 sp r ||||1| spa d
100 1 _aSalvá Ruyra, Joaquín.
_9102064
245 1 0 _aTécnica de la platinectomía del estribo /
_cJoaquín Salvá Ruyra.
260 _aBarcelona :
_bAugusta,
_c1964.
300 _a144 p., 3 lám. :
_bil. ;
_c25 cm.
852 _aES-MaACL
_jC-25236
_bR.54121
999 _c137900
_d137900